000 00652cam a2200145 4500500
005 20260208005837.0
041 _afre
042 _adc
100 1 0 _aReid, Martine
_eauthor
245 0 0 _aCATHERINE M. PEEBLES, The Psyche of Feminism, Sand, Colette, Sarraute. « Perdue Studies in Romance Literatures », University Press, West Lafayette, Indiana, 2004. Un vol. de 225 p.
260 _c2005.
500 _a1
786 0 _nRevue d'histoire littéraire de la France | 105 | 4 | 2005-10-01 | p. 1031y-1076y | 0035-2411
856 4 1 _uhttps://shs.cairn.info/revue-d-histoire-litteraire-de-la-france-2005-4-page-1031y?lang=fr&redirect-ssocas=7080
999 _c1654061
_d1654061